[Event "YUG-ch"]
[Site "Kladovo"]
[Date "1992.??.??"]
[Round "7"]
[White "Dinic, Dragan"]
[Black "Stojanovic, Dragan"]
[Result "1-0"]
[WhiteElo "2235"]
[BlackElo "2365"]
[PlyCount "53"]
[EventDate "1992.12.??"]
[EventType "swiss"]
[EventRounds "13"]
[EventCountry "YUG"]
[SourceTitle "EXT 1997"]
[Source "ChessBase"]
[SourceDate "1996.11.15"]
[SourceVersion "1"]
[SourceVersionDate "1996.11.15"]
[SourceQuality "1"]

1. e4 Nf6 2. e5 Nd5 3. d4 d6 4. Nf3 g6 5. Be2 Bg7 6. 0-0 dxe5 7. Nxe5 c5 8. Bb5+ Bd7 9. Nxd7 Nxd7 10. dxc5 e6 11. c6 bxc6 12. Bxc6 0-0 13. Bxa8 Qxa8 14. c4 N5b6 15. Nc3 Qc6 16. c5 Nc4 17. Rb1 Rb8 18. Na4 Nxc5 19. Nxc5 Qxc5 20. b3 Qf5 21. Be3 Nxe3 22. fxe3 Qc5 23. Qf3 Rf8 24. Rbc1 Qb6 25. Rc6 Qa5 26. a4 Bh6 27. Kh1 1-0

[Event "YUG-ch"]
[Site "Kladovo"]
[Date "1992.??.??"]
[Round "6"]
[White "Stojanovic, Dragan"]
[Black "Cabarkapa, Miomir"]
[Result "1-0"]
[WhiteElo "2365"]
[BlackElo "2350"]
[PlyCount "127"]
[EventDate "1992.12.??"]
[EventType "swiss"]
[EventRounds "13"]
[EventCountry "YUG"]
[SourceTitle "EXT 1997"]
[Source "ChessBase"]
[SourceDate "1996.11.15"]
[SourceVersion "1"]
[SourceVersionDate "1996.11.15"]
[SourceQuality "1"]

1. d4 Nf6 2. c4 e6 3. g3 d5 4. Bg2 Bb4+ 5. Bd2 Bxd2+ 6. Nxd2 0-0 7. Ngf3 Nbd7 8. 0-0 c5 9. Qc2 b6 10. Rfd1 Qe7 11. Ne5 Bb7 12. cxd5 Bxd5 13. e4 Bb7 14. Nxd7 Nxd7 15. d5 Rfd8 16. Nc4 exd5 17. exd5 Nf6 18. d6 Qd7 19. Ne5 Qc8 20. Qc4 Rf8 21. d7 Qc7 22. Bxb7 Rad8 23. Nc6 Rxd7 24. Rxd7 Qxd7 25. Qa6 Re8 26. Nxa7 Qd4 27. Bf3 Qxb2 28. Rd1 g6 29. Nc6 Ne4 30. Bxe4 Rxe4 31. Qd3 Re2 32. Rf1 Qxa2 33. Qd8+ Kg7 34. Qxb6 Qd5 35. Qb5 Rc2 36. Ne5 Qe6 37. Nc6 Qd5 38. Qb1 Rd2 39. Qa1+ Kh6 40. Ne7 Qd8 41. Qf6 Rd4 42. f4 Rd2 43. Nf5+ Kh5 44. Qxd8 Rxd8 45. Ne3 Rd3 46. Re1 f5 47. Kf2 g5 48. fxg5 Kxg5 49. h4+ Kg6 50. Rc1 f4 51. gxf4 Kh5 52. Rxc5+ Kxh4 53. Kf3 Ra3 54. Rc7 h6 55. Rg7 Ra5 56. Rg1 Kh5 57. Ke4 Ra4+ 58. Ke5 Ra5+ 59. Nd5 Kh4 60. f5 h5 61. f6 Ra8 62. f7 Rf8 63. Ke6 Kh3 64. Rg8 1-0

[Event "YUG-ch"]
[Site "Kladovo"]
[Date "1992.??.??"]
[Round "2"]
[White "Stojanovic, Dragan"]
[Black "Radlovacki, Jovan"]
[Result "1/2-1/2"]
[WhiteElo "2365"]
[BlackElo "2325"]
[PlyCount "20"]
[EventDate "1992.12.??"]
[EventType "swiss"]
[EventRounds "13"]
[EventCountry "YUG"]
[SourceTitle "EXT 1997"]
[Source "ChessBase"]
[SourceDate "1996.11.15"]
[SourceVersion "1"]
[SourceVersionDate "1996.11.15"]
[SourceQuality "1"]

1. c4 f5 2. g3 e6 3. d4 d5 4. Bg2 c6 5. Nh3 Nf6 6. 0-0 Bd6 7. Nc3 0-0 8. Bf4 Re8 9. f3 a5 10. Bxd6 Qxd6 1/2-1/2

[Event "YUG-ch"]
[Site "Kladovo"]
[Date "1992.??.??"]
[Round "4"]
[White "Stojanovic, Dragan"]
[Black "Todorovic, Goran N"]
[Result "0-1"]
[WhiteElo "2365"]
[BlackElo "2410"]
[PlyCount "105"]
[EventDate "1992.12.??"]
[EventType "swiss"]
[EventRounds "13"]
[EventCountry "YUG"]
[SourceTitle "EXT 1997"]
[Source "ChessBase"]
[SourceDate "1996.11.15"]
[SourceVersion "1"]
[SourceVersionDate "1996.11.15"]
[SourceQuality "1"]

1. d4 f5 2. g3 Nf6 3. Bg2 d6 4. Nf3 g6 5. 0-0 Bg7 6. c3 0-0 7. a4 c6 8. b4 Kh8 9. Qb3 Na6 10. Rd1 Nc7 11. Bb2 Qe8 12. c4 h6 13. Nc3 g5 14. d5 Rb8 15. Nd4 Bd7 16. e4 f4 17. Nf5 Bxf5 18. exf5 cxd5 19. cxd5 Qd7 20. Ne2 Qxf5 21. Nd4 Qd7 22. gxf4 gxf4 23. Bh3 Qe8 24. Nf5 Qf7 25. Nxg7 Rg8 26. Kh1 Rxg7 27. Be6 Nxe6 28. dxe6 Qg6 29. Rg1 Qe4+ 30. f3 Rxg1+ 31. Rxg1 Qf5 32. Qc4 Re8 33. Qb5 Qxb5 34. axb5 Kh7 35. Ra1 Nd5 36. Rxa7 Rb8 37. Ra1 Kg6 38. Rg1+ Kf5 39. Rg7 Kxe6 40. Rg6+ Kf5 41. Rxh6 Nxb4 42. Bc3 Nd3 43. Rh5+ Ke6 44. Kg2 Rc8 45. Ba5 Ra8 46. Bb6 Ne5 47. Rh6+ Kd7 48. Rh4 Ra4 49. Rh8 Rb4 50. h4 Rxb5 51. Bd4 Nf7 52. Rf8 Rf5 53. Kh3 0-1